Art of the Americas (Record no. 8925)
[ view plain ]
| 000 -CABECERA | |
|---|---|
| campo de control de longitud fija | 00811nam a2200253 a 4500 |
| 001 - NÚMERO DE CONTROL | |
| campo de control | BRL_112 |
| 005 - FECHA Y HORA DE LA ÚLTIMA TRANSACCIÓN | |
| campo de control | 20190320210608.0 |
| 008 - DATOS DE LONGITUD FIJA--INFORMACIÓN GENERAL | |
| campo de control de longitud fija | 810311s1948 nyu#######---#000-0#eng-# |
| 040 ## - FUENTE DE LA CATALOGACIÓN | |
| Centro catalogador/agencia de origen | DLC |
| Centro/agencia transcriptor | CarP |
| Centro/agencia modificador | DLC |
| 041 ## - CÓDIGO DE LENGUA | |
| Código de lengua del texto/banda sonora o título independiente | eng |
| 044 ## - CÓDIGO DEL PAÍS DE LA ENTIDAD EDITORA/PRODUCTORA | |
| Código MARC del país | u |
| 050 #4 - SIGNATURA TOPOGRÁFICA DE LA BIBLIOTECA DEL CONGRESO | |
| Número de clasificación | N1 |
| Número de documento/Ítem | .A78 1948 |
| 245 10 - MENCIÓN DE TÍTULO | |
| Título | Art of the Americas |
| Resto del título | from before Columbus to the present day |
| Mención de responsabilidad, etc. | foreword by Frank Crowninshield. |
| 260 ## - PUBLICACIÓN, DISTRIBUCIÓN, ETC. | |
| Lugar de publicación, distribución, etc. | Nueva York |
| Nombre del editor, distribuidor, etc. | Art Foundation |
| Fecha de publicación, distribución, etc. | c1948 |
| 300 ## - DESCRIPCIÓN FÍSICA | |
| Extensión | 132 p. |
| Otras características físicas | il. (algunas a color) |
| Dimensiones | 34 cm. |
| Material acompañante/anejo | 1 folleto |
| 440 #0 - MENCIÓN DE SERIE/PUNTO DE ACCESO ADICIONAL--TÍTULO | |
| Título | Art news |
| Designación de volumen o secuencia | 18 |
| 9 (RLIN) | 22943 |
| 500 ## - NOTA GENERAL | |
| Nota general | A pictorial survey by the editors of Art News |
| 500 ## - NOTA GENERAL | |
| Nota general | Incluye al final ´The bridge, by Hart Crane, 1930´ |
| 500 ## - NOTA GENERAL | |
| Nota general | Au108 |
| 650 14 - PUNTO DE ACCESO ADICIONAL DE MATERIA--TÉRMINO DE MATERIA | |
| Término de materia o nombre geográfico como elemento de entrada | Arte |
| Subdivisión general | Historia |
| Subdivisión geográfica | América |
| 9 (RLIN) | 22944 |
| 700 1# - PUNTO DE ACCESO ADICIONAL--NOMBRE DE PERSONA | |
| Nombre de persona | Crowninshield, Frank |
| Término indicativo de función/relación | prol. |
| 9 (RLIN) | 22945 |
| 902 ## - CATALOGADOR | |
| Iniciales | GRL |
| 942 ## - ELEMENTOS DE PUNTO DE ACCESO ADICIONAL (KOHA) | |
| Fuente del sistema de clasificación o colocación | Library of Congress Classification |
| Tipo de ítem Koha | Libros |
| Estado de retiro | Estado de pérdida | Estado dañado | No para préstamo | Localización permanente | Ubicación/localización actual | Fecha de adquisición | Número de inventario | Total de préstamos | Signatura topográfica completa | Código de barras | Fecha visto por última vez | Precio válido a partir de | Tipo de ítem Koha |
|---|---|---|---|---|---|---|---|---|---|---|---|---|---|
| El ejemplar forma parte de la colección y puede ser consultado según las políticas vigentes. | Biblioteca Centro de Estudios Ruth D. Lechuga | Biblioteca Centro de Estudios Ruth D. Lechuga | 12/10/2012 | Au108 | N1 .A78 1948 (Au108) | GRL00124 | 22/03/2019 | 22/03/2019 | Libros |